|
|
|
|
| LEADER |
00000nam0a2200000 4500 |
| 001 |
263912 |
| 005 |
20231101233801.0 |
| 035 |
|
|
|a (RuTPU)RU\TPU\book\286903
|
| 090 |
|
|
|a 263912
|
| 100 |
|
|
|a 20140614a1987 k y0rusy5003 ca
|
| 101 |
0 |
|
|a rus
|
| 102 |
|
|
|a RU
|
| 105 |
|
|
|a a z 001zy
|
| 200 |
1 |
|
|a Химия и биотехнология физиологически активных соединений и их полупродуктов
|f Московский химико-технологический институт им. Д. И. Менделеева (МХТИ) ; под ред. А. Л. Чимишкяна
|
| 210 |
|
|
|a Москва
|c Изд-во МХТИ
|d 1987
|
| 215 |
|
|
|a 132 с.
|c ил.
|
| 225 |
1 |
|
|a Труды института [Московского химико-технологического института (МХТИ)]
|v Вып. 149
|
| 320 |
|
|
|a Библиогр. в конце ст.
|
| 606 |
1 |
|
|a Биологически активные вещества
|2 stltpush
|3 (RuTPU)RU\TPU\subj\28671
|9 52185
|
| 610 |
1 |
|
|a химия
|
| 610 |
1 |
|
|a биотехнология
|
| 610 |
1 |
|
|a активные соединения
|
| 610 |
1 |
|
|a полупродукты
|
| 610 |
1 |
|
|a растения
|
| 610 |
1 |
|
|a защита
|
| 610 |
1 |
|
|a твердофазные процессы
|
| 675 |
|
|
|a 577.15/.19
|z rus
|v 3
|
| 702 |
|
1 |
|a Чимишкян
|b А. Л.
|4 340
|
| 712 |
0 |
2 |
|a Московский химико-технологический институт им. Д. И. Менделеева (МХТИ)
|2 stltpush
|3 (RuTPU)RU\TPU\col\1701
|
| 801 |
|
0 |
|a RU
|b RuMRKP
|c 19950417
|g psbo
|
| 801 |
|
1 |
|a RU
|b 63413507
|c 20140614
|
| 801 |
|
2 |
|a RU
|b 63413507
|c 20160707
|g RCR
|
| 942 |
|
|
|c BK
|